000 00716nam a22002412a 4500
001 27262
003 BD-RjUL
005 20211209051131.0
008 140324s1942 nyu 001 0 eng d
035 _a(BD-RjUL)27334
040 _aDLC
_cMIA
_dBD-RjUL
_beng
041 _aeng
082 0 0 _a910.03924
_bCUA 1942
100 1 _aCurtiss, John Shelton,
_d1899-
_983651
245 1 3 _aAn appraisal of the Protocols of Zion /
_cby John S. Curtiss
260 _aNew York :
_bColumbia University Press,
_cc1942.
300 _avi, 117 p. ;
_c21 cm
504 _aBibliography: p. 107-[112]
504 _aIncludes index.
650 0 _aProtocols of the wise men of Zion.
_983652
942 _2ddc
_cBK
999 _c27262
_d27262